| 000 | 00643nam a2200205 a 4500 | ||
|---|---|---|---|
| 001 | 69386 | ||
| 003 | BD-RjUL | ||
| 005 | 20211209081858.0 | ||
| 008 | 970826r19681964xx a 000 0 und d | ||
| 035 | _a(BD-RjUL)69597 | ||
| 040 |
_aEQO _cEQO _beng _dBD-RjUL |
||
| 041 | _aeng | ||
| 082 |
_223 _a546.6 _bINF 1968 |
||
| 245 | 1 | 0 |
_aInformal proceedings of the Buhl international conference on materials, Pittsburgh, 1963 / _ced. by E.R. Schatz. |
| 260 |
_aNew York : _bGordon & Breach, _c1964 [reprinting 1968] |
||
| 300 |
_a136 p. : _bill. ; _c25 cm. |
||
| 650 |
_aTransition metals _9160120 |
||
| 700 | 1 |
_aSchatz, E. R. _9205564 |
|
| 942 |
_2ddc _cBK |
||
| 999 |
_c69386 _d69386 |
||